| 000 | 01021cam a2200301 i 4500 | ||
|---|---|---|---|
| 001 | 20701914 | ||
| 003 | JO-AjAnu | ||
| 005 | 20240806102419.0 | ||
| 008 | 181010s2020 moua 001 0 eng | ||
| 010 | _a 2018960991 | ||
| 020 |
_a9780323595995 _q(paperback) |
||
| 040 |
_aDLC _beng _erda _cDLC _dJO-AjAnu |
||
| 042 | _apcc | ||
| 050 | 0 | 0 |
_aR123 _b.L47 2024 |
| 100 | 1 |
_aLeonard, Peggy C., _eauthor. |
|
| 245 | 1 | 0 |
_aQuick & easy medical terminology / _cPeggy C. Leonard, MT, MEd. |
| 250 | _a10th edition. | ||
| 264 | 1 |
_aSt. Louis, MO : _bElsevier, _c[2024] |
|
| 300 |
_axii, 443 pages : _bcolor illustrations ; _c24 cm |
||
| 336 |
_atext _btxt _2rdacontent |
||
| 337 |
_aunmediated _bn _2rdamedia |
||
| 338 |
_avolume _bnc _2rdacarrier |
||
| 500 | _aIncludes index. | ||
| 650 | 0 |
_aMedicine _vTerminology. |
|
| 906 |
_a7 _bcbc _corignew _d2 _eepcn _f20 _gy-gencatlg |
||
| 942 |
_2lcc _cBK _n0 |
||
| 999 |
_c33628 _d33628 |
||